| 000 -LEADER |
| fixed length control field |
01426cam a2200361 a 4500 |
| 001 - CONTROL NUMBER |
| control field |
12521998 |
| 005 - DATE AND TIME OF LATEST TRANSACTION |
| control field |
20250505152532.0 |
| 008 - FIXED-LENGTH DATA ELEMENTS--GENERAL INFORMATION |
| fixed length control field |
010831s1992 enka b 001 0 eng |
| 010 ## - LIBRARY OF CONGRESS CONTROL NUMBER |
| LC control number |
91026181 |
| 020 ## - INTERNATIONAL STANDARD BOOK NUMBER |
| International Standard Book Number |
0745304591 (pbk) |
| 020 ## - INTERNATIONAL STANDARD BOOK NUMBER |
| International Standard Book Number |
0745304583 |
| 040 ## - CATALOGING SOURCE |
| Original cataloging agency |
DLC |
| Transcribing agency |
DLC |
| Modifying agency |
DLC |
| 041 1# - LANGUAGE CODE |
| Language code of text/sound track or separate title |
eng |
| Language code of original |
ger |
| 050 00 - LIBRARY OF CONGRESS CALL NUMBER |
| Classification number |
HB501 |
| Item number |
.G713 1992 |
| 082 ## - DEWEY DECIMAL CLASSIFICATION NUMBER |
| Classification number |
330.122 |
| Author Mark |
GRO |
| 100 1# - MAIN ENTRY--PERSONAL NAME |
| Personal name |
Grossmann, Henryk, |
| Dates associated with a name |
1881-1950. |
| 9 (RLIN) |
128852 |
| 240 10 - UNIFORM TITLE |
| Uniform title |
Akkumulations- und Zusammenbruchsgesetz des kapitalistischen Systems. |
| Language of a work |
English |
| 245 14 - TITLE STATEMENT |
| Title |
The law of accumulation and breakdown of the capitalist system : |
| Remainder of title |
being also a theory of crises / |
| Statement of responsibility, etc. |
Henryk Grossman ; translated and abridged by Jairus Banaji ; foreword and introduction by Tony Kennedy. |
| 260 ## - PUBLICATION, DISTRIBUTION, ETC. |
| Place of publication, distribution, etc. |
London : |
| Name of publisher, distributor, etc. |
Pluto Press, |
| Date of publication, distribution, etc. |
1992. |
| 300 ## - PHYSICAL DESCRIPTION |
| Extent |
xiii, 210 p. : |
| Other physical details |
ill. ; |
| Dimensions |
22 cm. |
| 504 ## - BIBLIOGRAPHY, ETC. NOTE |
| Bibliography, etc. note |
Includes bibliographical references (p. 202-205) and index. |
| 650 #0 - SUBJECT ADDED ENTRY--TOPICAL TERM |
| Topical term or geographic name entry element |
Capitalism. |
| 9 (RLIN) |
3608 |
| 650 #0 - SUBJECT ADDED ENTRY--TOPICAL TERM |
| Topical term or geographic name entry element |
Capital. |
| 9 (RLIN) |
105073 |
| 650 #0 - SUBJECT ADDED ENTRY--TOPICAL TERM |
| Topical term or geographic name entry element |
Saving and investment. |
| 9 (RLIN) |
128853 |
| 650 #0 - SUBJECT ADDED ENTRY--TOPICAL TERM |
| Topical term or geographic name entry element |
Business cycles. |
| 9 (RLIN) |
3610 |
| 650 #0 - SUBJECT ADDED ENTRY--TOPICAL TERM |
| Topical term or geographic name entry element |
Marxian economics. |
| 9 (RLIN) |
128854 |
| 653 0# - INDEX TERM--UNCONTROLLED |
| Uncontrolled term |
Capitalism |
| 700 1# - ADDED ENTRY--PERSONAL NAME |
| Personal name |
Banaji, Jairus, |
| Dates associated with a name |
1947- |
| 9 (RLIN) |
128855 |
| 856 42 - ELECTRONIC LOCATION AND ACCESS |
| Materials specified |
Contributor biographical information |
| Uniform Resource Identifier |
<a href="http://www.loc.gov/catdir/enhancements/fy1505/91026181-b.html">http://www.loc.gov/catdir/enhancements/fy1505/91026181-b.html</a> |
| 906 ## - LOCAL DATA ELEMENT F, LDF (RLIN) |
| a |
7 |
| b |
cbc |
| c |
orignew |
| d |
1 |
| e |
ocip |
| f |
19 |
| g |
y-gencatlg |
| 942 ## - ADDED ENTRY ELEMENTS (KOHA) |
| Source of classification or shelving scheme |
|
| Koha item type |
Book |